<?xml version="1.0" encoding="UTF-8"?>
<record
    xmlns:xsi="http://www.w3.org/2001/XMLSchema-instance"
    xsi:schemaLocation="http://www.loc.gov/MARC21/slim http://www.loc.gov/standards/marcxml/schema/MARC21slim.xsd"
    xmlns="http://www.loc.gov/MARC21/slim">

  <leader>00907nam a22002177a 4500</leader>
  <datafield tag="999" ind1=" " ind2=" ">
    <subfield code="c">558</subfield>
    <subfield code="d">558</subfield>
  </datafield>
  <controlfield tag="001">20560</controlfield>
  <controlfield tag="003">BD-DhUAP</controlfield>
  <controlfield tag="005">20210118094104.0</controlfield>
  <controlfield tag="008">200123b20172015   a|||| |||| 001 0 eng d</controlfield>
  <datafield tag="020" ind1=" " ind2=" ">
    <subfield code="a">9789848980927</subfield>
  </datafield>
  <datafield tag="040" ind1=" " ind2=" ">
    <subfield code="a">BD-DhUAP</subfield>
    <subfield code="b">Bng</subfield>
    <subfield code="c">BD-DhUAP</subfield>
    <subfield code="d">BD-DhUAP</subfield>
  </datafield>
  <datafield tag="082" ind1=" " ind2=" ">
    <subfield code="2">23</subfield>
    <subfield code="a">005.2 KHU</subfield>
  </datafield>
  <datafield tag="100" ind1=" " ind2=" ">
    <subfield code="a">&#x996;&#x9C1;&#x9B6;&#x9AC;&#x9C1;, &#x9B0;&#x9BF;&#x9A8;&#x9BF; &#x988;&#x9B6;&#x9BE;&#x9A8;&#x964;</subfield>
  </datafield>
  <datafield tag="245" ind1=" " ind2=" ">
    <subfield code="a">&#x9B0;&#x9CB;&#x9AC;&#x99F;&#x9BF;&#x995;&#x9CD;&#x9B8; &#x98F;&#x9AC;&#x982; &#x9AE;&#x9BE;&#x987;&#x995;&#x9CD;&#x9B0;&#x9CB;&#x995;&#x9A8;&#x9CD;&#x99F;&#x9CD;&#x9B0;&#x9CB;&#x9B2;&#x9BE;&#x9B0; /</subfield>
    <subfield code="b">&#x9B0;&#x9BF;&#x9A8;&#x9BF; &#x988;&#x9B6;&#x9BE;&#x9A8; &#x996;&#x9C1;&#x9B6;&#x9AC;&#x9C1; &#x98F;&#x9AC;&#x982; &#x98F;. &#x9AC;&#x9BF;. &#x98F;&#x9AE; &#x9B0;&#x9C7;&#x99C;&#x9BE;&#x989;&#x9B2; &#x987;&#x9B8;&#x9B2;&#x9BE;&#x9AE;&#x964;</subfield>
  </datafield>
  <datafield tag="250" ind1=" " ind2=" ">
    <subfield code="a">&#x9E8;&#x9AF;&#x9BC; &#x9B8;&#x982;&#x964;</subfield>
  </datafield>
  <datafield tag="260" ind1=" " ind2=" ">
    <subfield code="a">&#x9A2;&#x9BE;&#x995;&#x9BE; :</subfield>
    <subfield code="b">&#x9B8;&#x9BF;&#x9B8;&#x99F;&#x9C7;&#x995;,</subfield>
    <subfield code="c">c &#x9E8;&#x9E6;&#x9E7;&#x9ED;&#x964;</subfield>
  </datafield>
  <datafield tag="300" ind1=" " ind2=" ">
    <subfield code="a">&#x9E7;&#x9E8;&#x9EC; &#x9AA;&#x9C3;&#x9B7;&#x9CD;&#x9A0;&#x9BE; :</subfield>
    <subfield code="b">&#x99A;&#x9BF;&#x9A4;&#x9CD;&#x9B0; ;</subfield>
    <subfield code="c">&#x9E8;&#x9EA; &#x9B8;&#x9C7;&#x9AE;&#x9BF;.&#x964;</subfield>
  </datafield>
  <datafield tag="650" ind1=" " ind2=" ">
    <subfield code="a">Microcontroller</subfield>
    <subfield code="v">Computer device.</subfield>
  </datafield>
  <datafield tag="700" ind1=" " ind2=" ">
    <subfield code="a">&#x987;&#x9B8;&#x9B2;&#x9BE;&#x9AE;, &#x98F;. &#x9AC;&#x9BF;. &#x98F;&#x9AE; &#x9B0;&#x9C7;&#x99C;&#x9BE;&#x989;&#x9B2;&#x964;</subfield>
  </datafield>
  <datafield tag="942" ind1=" " ind2=" ">
    <subfield code="2">ddc</subfield>
    <subfield code="c">BK</subfield>
  </datafield>
  <datafield tag="952" ind1=" " ind2=" ">
    <subfield code="0">0</subfield>
    <subfield code="1">0</subfield>
    <subfield code="2">ddc</subfield>
    <subfield code="4">0</subfield>
    <subfield code="7">0</subfield>
    <subfield code="a">UAPCL</subfield>
    <subfield code="b">UAPCL</subfield>
    <subfield code="c">General Stacks</subfield>
    <subfield code="d">2020-01-23</subfield>
    <subfield code="l">1</subfield>
    <subfield code="o">005.2 KHU</subfield>
    <subfield code="p">3010020560</subfield>
    <subfield code="r">2023-06-05</subfield>
    <subfield code="s">2023-05-30</subfield>
    <subfield code="t">1</subfield>
    <subfield code="w">2020-01-23</subfield>
    <subfield code="y">BK</subfield>
  </datafield>
  <datafield tag="952" ind1=" " ind2=" ">
    <subfield code="0">0</subfield>
    <subfield code="1">0</subfield>
    <subfield code="2">ddc</subfield>
    <subfield code="4">0</subfield>
    <subfield code="7">0</subfield>
    <subfield code="a">UAPCL</subfield>
    <subfield code="b">UAPCL</subfield>
    <subfield code="c">General Stacks</subfield>
    <subfield code="d">2020-01-23</subfield>
    <subfield code="o">005.2 KHU</subfield>
    <subfield code="p">3010020561</subfield>
    <subfield code="r">2020-01-23</subfield>
    <subfield code="t">2</subfield>
    <subfield code="w">2020-01-23</subfield>
    <subfield code="y">BK</subfield>
  </datafield>
  <datafield tag="952" ind1=" " ind2=" ">
    <subfield code="0">0</subfield>
    <subfield code="1">0</subfield>
    <subfield code="2">ddc</subfield>
    <subfield code="4">0</subfield>
    <subfield code="7">0</subfield>
    <subfield code="a">UAPCL</subfield>
    <subfield code="b">UAPCL</subfield>
    <subfield code="c">General Stacks</subfield>
    <subfield code="d">2020-01-23</subfield>
    <subfield code="o">005.2 KHU</subfield>
    <subfield code="p">3010020563</subfield>
    <subfield code="r">2020-01-23</subfield>
    <subfield code="t">3</subfield>
    <subfield code="w">2020-01-23</subfield>
    <subfield code="y">BK</subfield>
  </datafield>
  <datafield tag="952" ind1=" " ind2=" ">
    <subfield code="0">0</subfield>
    <subfield code="1">0</subfield>
    <subfield code="2">ddc</subfield>
    <subfield code="4">0</subfield>
    <subfield code="7">0</subfield>
    <subfield code="a">UAPCL</subfield>
    <subfield code="b">UAPCL</subfield>
    <subfield code="c">General Stacks</subfield>
    <subfield code="d">2020-01-23</subfield>
    <subfield code="o">005.2 KHU</subfield>
    <subfield code="p">3010020567</subfield>
    <subfield code="r">2020-01-23</subfield>
    <subfield code="t">4</subfield>
    <subfield code="w">2020-01-23</subfield>
    <subfield code="y">BK</subfield>
  </datafield>
  <datafield tag="952" ind1=" " ind2=" ">
    <subfield code="0">0</subfield>
    <subfield code="1">0</subfield>
    <subfield code="2">ddc</subfield>
    <subfield code="4">0</subfield>
    <subfield code="7">0</subfield>
    <subfield code="a">UAPCL</subfield>
    <subfield code="b">UAPCL</subfield>
    <subfield code="c">General Stacks</subfield>
    <subfield code="d">2020-01-23</subfield>
    <subfield code="o">005.2 KHU</subfield>
    <subfield code="p">3010020564</subfield>
    <subfield code="r">2020-01-23</subfield>
    <subfield code="t">5</subfield>
    <subfield code="w">2020-01-23</subfield>
    <subfield code="y">BK</subfield>
  </datafield>
  <datafield tag="952" ind1=" " ind2=" ">
    <subfield code="0">0</subfield>
    <subfield code="1">0</subfield>
    <subfield code="2">ddc</subfield>
    <subfield code="4">0</subfield>
    <subfield code="7">0</subfield>
    <subfield code="a">UAPCL</subfield>
    <subfield code="b">UAPCL</subfield>
    <subfield code="c">General Stacks</subfield>
    <subfield code="d">2020-01-23</subfield>
    <subfield code="o">005.2 KHU</subfield>
    <subfield code="p">3010020565</subfield>
    <subfield code="r">2020-01-23</subfield>
    <subfield code="t">6</subfield>
    <subfield code="w">2020-01-23</subfield>
    <subfield code="y">BK</subfield>
  </datafield>
  <datafield tag="952" ind1=" " ind2=" ">
    <subfield code="0">0</subfield>
    <subfield code="1">0</subfield>
    <subfield code="2">ddc</subfield>
    <subfield code="4">0</subfield>
    <subfield code="7">0</subfield>
    <subfield code="a">UAPCL</subfield>
    <subfield code="b">UAPCL</subfield>
    <subfield code="c">General Stacks</subfield>
    <subfield code="d">2020-01-23</subfield>
    <subfield code="o">005.2 KHU</subfield>
    <subfield code="p">3010020566</subfield>
    <subfield code="r">2020-01-23</subfield>
    <subfield code="t">7</subfield>
    <subfield code="w">2020-01-23</subfield>
    <subfield code="y">BK</subfield>
  </datafield>
  <datafield tag="952" ind1=" " ind2=" ">
    <subfield code="0">0</subfield>
    <subfield code="1">0</subfield>
    <subfield code="2">ddc</subfield>
    <subfield code="4">0</subfield>
    <subfield code="7">0</subfield>
    <subfield code="a">UAPCL</subfield>
    <subfield code="b">UAPCL</subfield>
    <subfield code="c">General Stacks</subfield>
    <subfield code="d">2020-01-23</subfield>
    <subfield code="o">005.2 KHU</subfield>
    <subfield code="p">3010020568</subfield>
    <subfield code="r">2020-01-23</subfield>
    <subfield code="t">8</subfield>
    <subfield code="w">2020-01-23</subfield>
    <subfield code="y">BK</subfield>
  </datafield>
  <datafield tag="952" ind1=" " ind2=" ">
    <subfield code="0">0</subfield>
    <subfield code="1">0</subfield>
    <subfield code="2">ddc</subfield>
    <subfield code="4">0</subfield>
    <subfield code="7">0</subfield>
    <subfield code="a">UAPCL</subfield>
    <subfield code="b">UAPCL</subfield>
    <subfield code="c">General Stacks</subfield>
    <subfield code="d">2020-01-23</subfield>
    <subfield code="o">005.2 KHU</subfield>
    <subfield code="p">3010020569</subfield>
    <subfield code="r">2020-01-23</subfield>
    <subfield code="t">9</subfield>
    <subfield code="w">2020-01-23</subfield>
    <subfield code="y">BK</subfield>
  </datafield>
  <datafield tag="952" ind1=" " ind2=" ">
    <subfield code="0">0</subfield>
    <subfield code="1">0</subfield>
    <subfield code="2">ddc</subfield>
    <subfield code="4">0</subfield>
    <subfield code="7">0</subfield>
    <subfield code="a">UAPCL</subfield>
    <subfield code="b">UAPCL</subfield>
    <subfield code="c">General Stacks</subfield>
    <subfield code="d">2020-01-23</subfield>
    <subfield code="o">005.2 KHU</subfield>
    <subfield code="p">3010020562</subfield>
    <subfield code="r">2020-01-23</subfield>
    <subfield code="t">10</subfield>
    <subfield code="w">2020-01-23</subfield>
    <subfield code="y">BK</subfield>
  </datafield>
</record>
